Flujos migratorios y su (des)control Puntos de vista pluridisciplinarios

Bibliographic Details
Main Author: Bergalli, Roberto
Format: eBook
Language:Spanish
Published: Barcelona : Editorial Anthropos, 2006
Subjects:
Online Access:http://www.vlex.com/source/7653

MARC

LEADER 00000nam a22000007a 4500
005 20130305145847.0
007 cr|||| ||||
008 130305e2006 sp |||||s|||| 00||0 spa d
020 |a 84-7658-791-0 
035 |a 7653 
040 |a vLex 
090 |c 3830  |d 3830 
100 1 0 |a Bergalli, Roberto 
245 1 0 |a Flujos migratorios y su (des)control  |b Puntos de vista pluridisciplinarios  |h [Recurso electrn̤ico]  |c / Roberto Bergalli  
256 |a Servicio en ln̕ea 
260 |a Barcelona :  |b Editorial Anthropos,   |c 2006 
300 |a 1 Recurso electrn̤ico 
506 |d vLex Global  |d vLex Global (Academic Edition, excluding Law Schools)  |d vLex Global (U.S. Academic Edition, Law Schools)  |d vLex Global (U.S. Academic Edition, excluding Law Schools)  |d vLex Global (Academic Edition, Law Schools) 
650 0 4 |a Extranjera̕ 
740 |a vLex Libros (Servicio en ln̕ea) 
856 |a Acceso restringido  |u http://www.vlex.com/source/7653 
942 |c BOOK 
999 0 |a Aliens